| 000 | 01352cam a2200325 a 4500 | ||
|---|---|---|---|
| 999 |
_c1352 _d1352 |
||
| 001 | 17350599 | ||
| 003 | OSt | ||
| 005 | 20221228152200.0 | ||
| 008 | 120615s2013 onca j b 001 0 eng c | ||
| 010 | _a 2012024787 | ||
| 020 | _a9780778775249 (pbk.) | ||
| 040 |
_aNIC/DLC _cNIC _dDLC _dKH8 |
||
| 042 | _apcc | ||
| 043 | _aa-th--- | ||
| 082 | 0 | 0 |
_a394.269593 ALO _223 |
| 100 | 1 |
_aAloian, Molly. _eauthor |
|
| 245 | 1 | 0 |
_aCultural traditions in Thailand / _cMolly Aloian. |
| 260 |
_aSt. Catharines, Ont. ; _aNew York : _bCrabtree Pub. Company, _cc2013. |
||
| 300 |
_a32 p. : _bcol. ill. ; _c28 cm. |
||
| 490 | 0 | _aCultural traditions in my world | |
| 504 | _aIncludes an index. | ||
| 505 | 0 | _aAbout Thailand -- Let's celebrate! -- Magha Puja -- Chakri Day -- Songkran -- Labor Day -- Buddha's Birthday -- Royal Ploughing Ceremony -- Dharma Day -- Khao Phansa -- The Queen's Birthday -- Loy Krathong -- The King's Birthday -- Constitution Day -- Glossary and further reading. | |
| 650 | 0 |
_aFestivals _zThailand _vJuvenile literature. |
|
| 651 | 0 |
_aHolidays _zThailand _vJuvenile literature. |
|
| 651 | 0 |
_aThailand _xSocial life and customs _vJuvenile literature. |
|
| 830 | 0 | _aCultural traditions in my world. | |
| 906 |
_a7 _bcbc _corignew _d1 _eecip _f20 _gy-gencatlg |
||
| 942 |
_2ddc _cNFIC |
||